| 000 | 00712nam a2200265Ia 4500 | ||
|---|---|---|---|
| 003 | OSt | ||
| 005 | 20221006144232.0 | ||
| 006 | a|||||r|||| 00| 0 | ||
| 007 | ta | ||
| 008 | 221006b |||||||| |||| 00| 0 eng d | ||
| 020 |
_c _2.25 (each) |
||
| 024 | _a11,214 | ||
| 037 | _cTextual | ||
| 040 |
_aEASL _cEASL _beng |
||
| 041 |
_2eng _aeng |
||
| 082 | _aT:3(P41), K1-;1 | ||
| 100 |
_aSHELLY George L _9651204 |
||
| 245 | 0 | _aDiscussions of method in the teaching of spoken Chinese | |
| 260 |
_aNew Havan _b Yale University Press _c1961 |
||
| 300 |
_a56p. _ccm. |
||
| 490 | _v CEL | ||
| 650 | _aCEL | ||
| 942 |
_hT:3(P41), K1-;1 _cTEXL _2CC |
||
| 999 |
_c1079300 _d1079300 |
||